MS/Thesis:A Framework for Cardboard based Augmented Reality (Record no. 531544)

000 -LEADER
fixed length control field 00445nam a22001457a 4500
003 - CONTROL NUMBER IDENTIFIER
control field NUST
038 ## - RECORD CONTENT LICENSOR
Staff Name Nusrat Nadeem
082 ## - DEWEY DECIMAL CLASSIFICATION NUMBER
Classification number 004 RAM
100 ## - MAIN ENTRY--PERSONAL NAME
Personal name Rehman Syed Rameez
9 (RLIN) 24369
245 ## - TITLE STATEMENT
Title MS/Thesis:A Framework for Cardboard based Augmented Reality
Statement of responsibility, etc. Syed Rameez Rehman
260 ## - PUBLICATION, DISTRIBUTION, ETC.
Place of publication, distribution, etc. Islamabad
Name of publisher, distributor, etc. RCMS NUST
Date of publication, distribution, etc. 2018
600 ## - SUBJECT ADDED ENTRY--PERSONAL NAME
General subdivision Department of Computational Engineering
9 (RLIN) 24370
700 ## - ADDED ENTRY--PERSONAL NAME
Relator code Dr. Shahzad Rasool(Supervisor)
942 ## - ADDED ENTRY ELEMENTS (KOHA)
Source of classification or shelving scheme
Koha item type Thesis
Holdings
Withdrawn status Lost status Source of classification or shelving scheme Damaged status Not for loan Permanent Location Current Location Shelving location Date acquired Total Checkouts Full call number Barcode Date last seen Price effective from Koha item type
          School of Interdisciplinary Engineering and Sciences (SINES) School of Interdisciplinary Engineering and Sciences (SINES) Thesis 10/18/2019   004 RAM RCMS003142 10/18/2019 10/18/2019 Thesis
© 2023 Central Library, National University of Sciences and Technology. All Rights Reserved.